| 000 | 00463nam a2200181Ia 4500 | ||
|---|---|---|---|
| 003 | 0100 | ||
| 008 | 130307s9999 xx 000 0 und d | ||
| 040 | _cARRUPELIB | ||
| 050 | _aBV5032.T3141932 | ||
| 100 | _aTanquerey, Adolphe | ||
| 245 | 4 | _aThe spiritual life | |
| 245 | _ba treatise on ascetical and mystical theology | ||
| 260 | _aToutnal | ||
| 260 | _bSociety of St. John the Evangelist | ||
| 260 | _c1932 | ||
| 700 | _aAdolphe Tanquerey | ||
| 942 | 0 | 0 | _01 |
| 999 |
_c86583 _d86583 |
||